Maha Bharat/ (Record no. 614209)

000 -LEADER
fixed length control field 00576nam a22001817a 4500
020 ## - INTERNATIONAL STANDARD BOOK NUMBER
International Standard Book Number 9769692317306
082 ## - DEWEY DECIMAL CLASSIFICATION NUMBER
Classification number 294.5923
Author Mark NAR
100 ## - MAIN ENTRY--PERSONAL NAME
Personal name Ashan,naeem
245 ## - TITLE STATEMENT
Title Maha Bharat/
Statement of responsibility, etc. Ashan Naeem,
260 ## - PUBLICATION, DISTRIBUTION, ETC.
Place of publication, distribution, etc. Lahore ;
Name of publisher, distributor, etc. Nigarsaat,
Date of publication, distribution, etc. 2021.
300 ## - PHYSICAL DESCRIPTION
Extent 208p. :
Dimensions 25cm.
563 ## - BINDING INFORMATION
Binding note HB
650 ## - SUBJECT ADDED ENTRY--TOPICAL TERM
Topical term or geographic name entry element Mahābhārata – Hindu mythology – Epic literature
880 ## - ALTERNATE GRAPHIC REPRESENTATION
Linkage 100-01\(3\r
Title احسن نعیم,
880 ## - ALTERNATE GRAPHIC REPRESENTATION
Linkage 245-02\(3\r
Title مہا بھارت/
b احسن نعیم,
880 ## - ALTERNATE GRAPHIC REPRESENTATION
Linkage 260-03\(3\r
Title لاہور ؛
b نگارشات,
c 2021.
942 ## - ADDED ENTRY ELEMENTS (KOHA)
Source of classification or shelving scheme
Koha item type Book
650 ## - SUBJECT ADDED ENTRY--TOPICAL TERM
-- 129594
Holdings
Withdrawn status Lost status Source of classification or shelving scheme Damaged status Not for loan Permanent Location Current Location Date acquired Total Checkouts Full call number Barcode Date last seen Price effective from Koha item type
          Central Library (CL) Central Library (CL) 07/10/2025   294.5923 NAR CL-D-2759 07/11/2025 07/10/2025 Book
© 2023 Central Library, National University of Sciences and Technology. All Rights Reserved.